000 00303nam a2200133Ia 4500
008 231217s9999 xx 000 0 und d
041 _aEnglish
082 _a793.73 JHA;1 R
100 _aJha, Nawal Kant
245 0 _aCross word puzzles
260 _c2000
650 _aword,puzzles
942 _cAA
999 _c174883
_d174883